<?xml version="1.0" encoding="UTF-8"?>
<record
    xmlns:xsi="http://www.w3.org/2001/XMLSchema-instance"
    xsi:schemaLocation="http://www.loc.gov/MARC21/slim http://www.loc.gov/standards/marcxml/schema/MARC21slim.xsd"
    xmlns="http://www.loc.gov/MARC21/slim">

  <leader>01042nam0a2200301   4500</leader>
  <controlfield tag="001">RU\NLR\bibl\1711012</controlfield>
  <controlfield tag="005">20260405090757.0</controlfield>
  <datafield tag="010" ind1=" " ind2=" ">
    <subfield code="a">978-5-91404-033-5</subfield>
    <subfield code="9">1000</subfield>
  </datafield>
  <datafield tag="035" ind1=" " ind2=" ">
    <subfield code="a">(NLR Aleph) 001702042</subfield>
  </datafield>
  <datafield tag="090" ind1=" " ind2=" ">
    <subfield code="a">1226550</subfield>
    <subfield code="c">1226550</subfield>
  </datafield>
  <datafield tag="100" ind1=" " ind2=" ">
    <subfield code="a">20101209d2010    |||y0rusy50      ca</subfield>
  </datafield>
  <datafield tag="101" ind1="0" ind2=" ">
    <subfield code="a">rus</subfield>
  </datafield>
  <datafield tag="102" ind1=" " ind2=" ">
    <subfield code="a">RU</subfield>
  </datafield>
  <datafield tag="105" ind1=" " ind2=" ">
    <subfield code="a">c   |||||||||</subfield>
  </datafield>
  <datafield tag="200" ind1="1" ind2=" ">
    <subfield code="a">&#x412;&#x43E;&#x437;&#x432;&#x440;&#x430;&#x449;&#x435;&#x43D;&#x438;&#x435; "&#x413;&#x430;&#x440;&#x434;&#x430;&#x440;&#x438;&#x43A;&#x438;"</subfield>
    <subfield code="e">&#x440;&#x43E;&#x43C;&#x430;&#x43D;</subfield>
    <subfield code="f">&#x418;&#x432;&#x430;&#x43D; &#x421;&#x430;&#x431;&#x438;&#x43B;&#x43E;</subfield>
    <subfield code="g">[&#x43F;&#x43E;&#x441;&#x43B;&#x435;&#x441;&#x43B;. &#x412;&#x438;&#x43A;&#x442;&#x43E;&#x440;&#x430; &#x41D;. &#x41A;&#x440;&#x435;&#x447;&#x435;&#x442;&#x43E;&#x432;&#x430;]</subfield>
  </datafield>
  <datafield tag="210" ind1=" " ind2=" ">
    <subfield code="a">&#x421;&#x430;&#x43D;&#x43A;&#x442;-&#x41F;&#x435;&#x442;&#x435;&#x440;&#x431;&#x443;&#x440;&#x433;</subfield>
    <subfield code="c">&#x414;&#x443;&#x43C;&#x430;</subfield>
    <subfield code="d">2010</subfield>
  </datafield>
  <datafield tag="215" ind1=" " ind2=" ">
    <subfield code="a">447, [1] &#x441;.</subfield>
    <subfield code="c">&#x43F;&#x43E;&#x440;&#x442;&#x440;.</subfield>
    <subfield code="d">21</subfield>
  </datafield>
  <datafield tag="316" ind1=" " ind2=" ">
    <subfield code="a">&#x421; &#x430;&#x432;&#x442;&#x43E;&#x433;&#x440;. &#x430;&#x432;&#x442;.</subfield>
    <subfield code="5">NLR</subfield>
  </datafield>
  <datafield tag="316" ind1=" " ind2=" ">
    <subfield code="a">&#x430;&#x432;&#x442;&#x43E;&#x433;&#x440;&#x430;&#x444;</subfield>
    <subfield code="5">NLR:2010-3/41001</subfield>
  </datafield>
  <datafield tag="686" ind1=" " ind2=" ">
    <subfield code="a">&#x428;6(2=&#x420;)8-440.4</subfield>
  </datafield>
  <datafield tag="700" ind1=" " ind2="1">
    <subfield code="4">070</subfield>
    <subfield code="8">rus</subfield>
    <subfield code="7">ca</subfield>
    <subfield code="a">&#x421;&#x430;&#x431;&#x438;&#x43B;&#x43E;</subfield>
    <subfield code="b">&#x418;.&#x418;.</subfield>
    <subfield code="g">&#x418;&#x432;&#x430;&#x43D; &#x418;&#x432;&#x430;&#x43D;&#x43E;&#x432;&#x438;&#x447;</subfield>
    <subfield code="f">1940 -</subfield>
    <subfield code="3">RU\NLR\auth\7732350</subfield>
    <subfield code="9">15358</subfield>
  </datafield>
  <datafield tag="801" ind1=" " ind2="0">
    <subfield code="a">RU</subfield>
    <subfield code="b">NLR</subfield>
    <subfield code="c">20101209</subfield>
    <subfield code="g">RCR</subfield>
  </datafield>
  <datafield tag="801" ind1=" " ind2="1">
    <subfield code="a">RU</subfield>
    <subfield code="b">NLR</subfield>
    <subfield code="c">20101209</subfield>
  </datafield>
  <datafield tag="830" ind1=" " ind2=" ">
    <subfield code="a">&#x430;&#x432;&#x442;. &#x43F;&#x43E; &#x43A;&#x43D;.</subfield>
  </datafield>
  <datafield tag="942" ind1=" " ind2=" ">
    <subfield code="c">BOOK</subfield>
  </datafield>
  <datafield tag="980" ind1=" " ind2=" ">
    <subfield code="a">NB</subfield>
  </datafield>
  <datafield tag="995" ind1=" " ind2=" ">
    <subfield code="5">2010-12-09</subfield>
    <subfield code="a">ab</subfield>
    <subfield code="b">NLR01</subfield>
    <subfield code="c">NLR01</subfield>
    <subfield code="e">RF8</subfield>
    <subfield code="f">1-1663166</subfield>
    <subfield code="k">2010-3/41001</subfield>
    <subfield code="o">0</subfield>
    <subfield code="p">300.00</subfield>
    <subfield code="r">BOOK</subfield>
    <subfield code="s">2010341001_</subfield>
  </datafield>
  <datafield tag="995" ind1=" " ind2=" ">
    <subfield code="5">2012-11-22</subfield>
    <subfield code="a">ab</subfield>
    <subfield code="b">NLR01</subfield>
    <subfield code="c">NLR01</subfield>
    <subfield code="e">RF8</subfield>
    <subfield code="f">3774883</subfield>
    <subfield code="k">2010-3/41001</subfield>
    <subfield code="o">0</subfield>
    <subfield code="p">300.00</subfield>
    <subfield code="r">BOOK</subfield>
    <subfield code="s">2010341001_</subfield>
  </datafield>
  <datafield tag="995" ind1=" " ind2=" ">
    <subfield code="5">2014-05-14</subfield>
    <subfield code="a">ab</subfield>
    <subfield code="b">NLR02</subfield>
    <subfield code="c">NLR02</subfield>
    <subfield code="e">MK</subfield>
    <subfield code="f">1-306227</subfield>
    <subfield code="o">0</subfield>
    <subfield code="p">500.00</subfield>
    <subfield code="r">BOOK</subfield>
  </datafield>
</record>
